00367nam a2200133Ia 450000500170000000800410001702000180005808200190007610000170009524500560011226000290016830000130019765000230021020250403083618.0231217s9999 xx 000 0 und d a9788121902410 a346 SHU;2 R1 aShukla, M C. 2aA manual of mercantile law including industrial law c2002bS ChandaNew Delhi axii, 732 amercantile,law,law